[Event "Oviedo op"]
[Site "Oviedo"]
[Date "2007.07.25"]
[Round "5"]
[White "Bazan Solera, Manuel"]
[Black "Suarez Garcia, Carlos"]
[Result "1-0"]
[WhiteElo "2085"]
[BlackElo "1915"]
[PlyCount "121"]
[EventDate "2007.07.21"]
[EventType "swiss"]
[EventRounds "9"]
[EventCountry "ESP"]
[SourceTitle "EXT 2008"]
[Source "ChessBase"]
[SourceDate "2007.11.25"]
[SourceVersion "1"]
[SourceVersionDate "2007.11.25"]
[SourceQuality "1"]

1. d4 d5 2. c4 c6 3. e3 Nf6 4. Nc3 Bf5 5. Bd3 Bxd3 6. Qxd3 e6 7. Nf3 Nbd7 8. 0-0 Be7 9. Re1 0-0 10. e4 dxe4 11. Nxe4 Nxe4 12. Qxe4 Nf6 13. Qc2 Qc7 14. h3 Rac8 15. Be3 Rfd8 16. Rad1 c5 17. b3 a6 18. Ng5 Qc6 19. dxc5 Bxc5 20. Bxc5 Qxc5 21. Ne4 Qf5 22. Nxf6+ Qxf6 23. Qe4 Qe7 24. Qf3 h6 25. Re3 Rxd1+ 26. Qxd1 Rd8 27. Rd3 Rxd3 28. Qxd3 Qa3 29. Qf3 b5 30. Qa8+ Kh7 31. cxb5 Qc1+ 32. Kh2 axb5 33. Qf3 Kg8 34. a4 bxa4 35. Qa8+ Kh7 36. Qxa4 Qc2 37. f3 Qc7+ 38. Kg1 Qc1+ 39. Kh2 Qc7+ 40. Kg1 Qc1+ 41. Kf2 Qd2+ 42. Kg3 Qe1+ 43. Kh2 Qe5+ 44. f4 Qc7 45. Qe4+ Kg8 46. Qc4 Qxc4 47. bxc4 Kf8 48. Kg3 Ke7 49. Kf3 Kd6 50. Ke4 Kc5 51. Kd3 f6 52. h4 g6 53. g3 g5 54. fxg5 fxg5 55. h5 g4 56. Kc3 Kc6 57. Kd4 Kd6 58. c5+ Kc6 59. Ke5 Kxc5 60. Kxe6 Kd4 61. Kf5 1-0

[Event "Gijon op 2nd"]
[Site "Gijon"]
[Date "2007.06.26"]
[Round "2.3"]
[White "Petkov, Vladimir"]
[Black "Bazan Solera, Manuel"]
[Result "1-0"]
[WhiteElo "2456"]
[BlackElo "2085"]
[PlyCount "73"]
[EventDate "2007.06.25"]
[EventType "swiss"]
[EventRounds "8"]
[EventCountry "ESP"]
[SourceTitle "CBM 119 Extra"]
[Source "ChessBase"]
[SourceDate "2007.09.04"]
[SourceVersion "1"]
[SourceVersionDate "2007.09.04"]
[SourceQuality "1"]

1. d4 Nf6 2. c4 g6 3. Nc3 Bg7 4. e4 d6 5. Nf3 0-0 6. Be2 e5 7. 0-0 Nc6 8. d5 Ne7 9. b4 Nd7 10. a4 a5 11. Ba3 b6 12. bxa5 bxa5 13. Nd2 f5 14. Rb1 Kh8 15. Nb3 Nf6 16. f3 Bh6 17. c5 Be3+ 18. Kh1 f4 19. Qe1 Neg8 20. Nd1 Nh5 21. Nxe3 fxe3 22. Bb5 Qg5 23. cxd6 cxd6 24. Bxd6 Rf6 25. Bc5 Nf4 26. Qg3 Qxg3 27. hxg3 e2 28. Rfc1 Nh5 29. Bf2 g5 30. Bxe2 g4 31. Rc6 Ne7 32. Rxf6 Nxf6 33. Nc5 h5 34. Rb6 Kg7 35. f4 exf4 36. gxf4 Kf7 37. Bc4 1-0

[Event "ESP-ch op"]
[Site "Leon"]
[Date "2006.11.28"]
[Round "7"]
[White "Bazan Solera, Manuel"]
[Black "Vega Gutierrez, Belinda Vidina"]
[Result "0-1"]
[WhiteElo "2044"]
[BlackElo "2184"]
[PlyCount "64"]
[EventDate "2006.11.22"]
[EventType "swiss"]
[EventRounds "9"]
[EventCountry "ESP"]
[SourceTitle "CBM 115 Extra"]
[Source "ChessBase"]
[SourceDate "2007.01.10"]
[SourceVersion "1"]
[SourceVersionDate "2007.01.10"]
[SourceQuality "1"]

1. d4 Nf6 2. c4 e6 3. Nc3 d5 4. Nf3 Be7 5. e3 0-0 6. Bd3 b6 7. 0-0 Bb7 8. cxd5 exd5 9. b3 Ne4 10. Bb2 Nd7 11. Qc2 Ndf6 12. Rac1 c5 13. Ne5 a6 14. f3 Nxc3 15. Bxc3 Re8 16. Ng4 h6 17. Qb2 Nxg4 18. fxg4 Bg5 19. Bd2 Rxe3 20. h4 Rxd3 21. hxg5 Rxd4 22. gxh6 Rxg4 23. Rf4 Rg6 24. h7+ Kh8 25. Rxf7 d4 26. Bf4 Bxg2 27. Rxg7 Kxg7 28. Be5+ Kxh7 29. Qf2 Qe7 30. Qf4 Bc6+ 31. Kh2 Rh6+ 32. Kg3 Rg8+ 0-1

[Event "Trevias op"]
[Site "Trevias"]
[Date "2006.09.14"]
[Round "4"]
[White "Rodriguez Uria, Julio Antonio"]
[Black "Bazan Solera, Manuel"]
[Result "1-0"]
[WhiteElo "2284"]
[BlackElo "2056"]
[PlyCount "93"]
[EventDate "2006.09.11"]
[EventType "swiss"]
[EventRounds "7"]
[EventCountry "ESP"]
[SourceTitle "CBM 114 Extra"]
[Source "ChessBase"]
[SourceDate "2006.11.03"]
[SourceVersion "1"]
[SourceVersionDate "2006.11.03"]
[SourceQuality "1"]

1. c4 Nf6 2. b3 g6 3. Bb2 Bg7 4. Nf3 d6 5. g3 0-0 6. Bg2 Nc6 7. 0-0 Rb8 8. d4 a6 9. d5 Na5 10. e4 c5 11. dxc6 Nxc6 12. Nbd2 Bg4 13. h3 Bd7 14. Rb1 Nb4 15. a3 Nd3 16. Ba1 Nc5 17. Qe2 Bc6 18. Nd4 e5 19. Nxc6 bxc6 20. b4 Ne6 21. c5 Nd4 22. Bxd4 exd4 23. cxd6 Qxd6 24. Qxa6 Ra8 25. Qd3 Nd7 26. f4 c5 27. e5 Qa6 28. b5 Qxa3 29. Rb3 Qa7 30. Bxa8 Qxa8 31. b6 Rb8 32. Rfb1 Qd5 33. b7 f6 34. exf6 Bxf6 35. Qc4 Qf7 36. Ra3 Kf8 37. Qxf7+ Kxf7 38. Ra6 Ke7 39. Kf2 Kd8 40. Rc6 Be7 41. Ne4 Ke8 42. Ke2 Rd8 43. Kd3 Nb8 44. Rc8 Kd7 45. Nxc5+ Bxc5 46. Rxc5 Nc6 47. Rxc6 1-0

[Event "Trevias op"]
[Site "Trevias"]
[Date "2006.09.13"]
[Round "3"]
[White "Bazan Solera, Manuel"]
[Black "Muratet Casadevall, Albert"]
[Result "1-0"]
[WhiteElo "2056"]
[BlackElo "2216"]
[PlyCount "105"]
[EventDate "2006.09.11"]
[EventType "swiss"]
[EventRounds "7"]
[EventCountry "ESP"]
[SourceTitle "CBM 114 Extra"]
[Source "ChessBase"]
[SourceDate "2006.11.03"]
[SourceVersion "1"]
[SourceVersionDate "2006.11.03"]
[SourceQuality "1"]

1. d4 Nf6 2. c4 g6 3. Nc3 Bg7 4. e4 d6 5. f3 0-0 6. Be3 Nc6 7. Nge2 a6 8. Qd2 Rb8 9. g4 h5 10. gxh5 Nxh5 11. Ng3 e5 12. d5 Nd4 13. Bg2 b5 14. Nxh5 gxh5 15. cxb5 Qh4+ 16. Bf2 Qf6 17. Be3 Nxf3+ 18. Bxf3 Qxf3 19. Rf1 Qh3 20. 0-0-0 Kh7 21. Rg1 Bg4 22. Rg3 Qh4 23. Bg5 Qxg5 24. Qxg5 Bh6 25. Qxh6+ Kxh6 26. Rf1 f5 27. exf5 Rxf5 28. Rxf5 Bxf5 29. bxa6 Ra8 30. Nb5 Rxa6 31. a3 c5 32. Nc7 Ra4 33. Ne8 Bg6 34. Nxd6 Rd4 35. Nb7 c4 36. Nd6 h4 37. Rc3 Rxd5 38. Nxc4 e4 39. Ne3 Rg5 40. b4 Rg1+ 41. Kb2 Kg5 42. b5 Re1 43. b6 Re2+ 44. Rc2 Rxe3 45. b7 Bf7 46. Rc3 Re2+ 47. Rc2 Re3 48. b8Q Rb3+ 49. Qxb3 Bxb3 50. Kxb3 Kf4 51. a4 h3 52. a5 e3 53. Kc3 1-0